Statistics for Management (Record no. 2642)

MARC details
000 -LEADER
fixed length control field 00407nam a22001697a 4500
005 - DATE AND TIME OF LATEST TRANSACTION
control field 20180518105835.0
008 - FIXED-LENGTH DATA ELEMENTS--GENERAL INFORMATION
fixed length control field 160614b xxu||||| |||| 00| 0 eng d
020 ## - INTERNATIONAL STANDARD BOOK NUMBER
ISBN 978-81-203-1235-7
041 ## - LANGUAGE CODE
Language code of text/sound track or separate title eng
082 ## - DEWEY DECIMAL CLASSIFICATION NUMBER
Item number 7412
Classification number 519.5
100 ## - MAIN ENTRY--AUTHOR NAME
Personal name Rubin, David S & Levin, Richard I
245 ## - TITLE STATEMENT
Title Statistics for Management
260 ## - PUBLICATION, DISTRIBUTION, ETC. (IMPRINT)
Name of publisher PHI
300 ## - PHYSICAL DESCRIPTION
Number of Pages 1026
650 ## - SUBJECT ADDED ENTRY--TOPICAL TERM
Topical Term Management
942 ## - ADDED ENTRY ELEMENTS (KOHA)
Koha item type Books
Holdings
Lost status Damaged status Collection code Home library Current library Shelving location Date acquired Cost, normal purchase price Full call number Accession Number Koha item type
    MANAGEMENT JRU Library JRU Library SHELF-76-B 14/06/2016 525.00 519.5 7412 Books
    MANAGEMENT JRU Library JRU Library SHELF-76-B 14/06/2016 525.00 519.5 7413 Books
    MANAGEMENT JRU Library JRU Library SHELF-76-B 14/06/2016 525.00 519.5 7414 Books
    MANAGEMENT JRU Library JRU Library SHELF-76-B 14/06/2016 525.00 519.5 7415 Books
    MANAGEMENT JRU Library JRU Library SHELF-76-B 14/06/2016 525.00 519.5 7416 Books
    MANAGEMENT JRU Library JRU Library SHELF-76-B 14/06/2016 525.00 519.5 7417 Books
    MANAGEMENT JRU Library JRU Library SHELF-76-B 14/06/2016 525.00 519.5 7418 Books
    MANAGEMENT JRU Library JRU Library SHELF-76-B 14/06/2016 525.00 519.5 7419 Books